000 00377nam a2200157Ia 4500
999 _c6202
_d6202
003 OSt
005 20190921200502.0
008 190906s9999||||xx |||||||||||||| ||und||
020 _a978-0471105893
040 _cmaju
100 _aAnton,Howard
245 0 _aCalculus :with Analytic Geometry
260 _aLondon
_bPrentice Hall Inc.
_c1995
300 _a1007
942 _cBK
_2ddc